<?xml version="1.0" encoding="UTF-8"?>
<record
    xmlns:xsi="http://www.w3.org/2001/XMLSchema-instance"
    xsi:schemaLocation="http://www.loc.gov/MARC21/slim http://www.loc.gov/standards/marcxml/schema/MARC21slim.xsd"
    xmlns="http://www.loc.gov/MARC21/slim">

  <leader>00790nam a2200265 u 4500</leader>
  <controlfield tag="001">156900</controlfield>
  <controlfield tag="005">20260506075400.0</controlfield>
  <controlfield tag="008">971211s1981                        spa  </controlfield>
  <datafield tag="035" ind1=" " ind2=" ">
    <subfield code="a">156900</subfield>
  </datafield>
  <datafield tag="035" ind1=" " ind2=" ">
    <subfield code="a">(OCoLC)778012208</subfield>
  </datafield>
  <datafield tag="040" ind1=" " ind2=" ">
    <subfield code="c">comduadb</subfield>
  </datafield>
  <datafield tag="041" ind1=" " ind2=" ">
    <subfield code="a">spa</subfield>
  </datafield>
  <datafield tag="080" ind1=" " ind2=" ">
    <subfield code="a">WS</subfield>
  </datafield>
  <datafield tag="100" ind1="1" ind2="0">
    <subfield code="a">Turizo de M., Yolanda</subfield>
    <subfield code="4">aut</subfield>
    <subfield code="e">aut</subfield>
    <subfield code="9">486294</subfield>
  </datafield>
  <datafield tag="245" ind1="1" ind2="0">
    <subfield code="a">Anotaciones acerca del crecimiento y desarrollo del nino y bases de la estimulacion</subfield>
  </datafield>
  <datafield tag="260" ind1=" " ind2=" ">
    <subfield code="a">Medell&#xED;n :</subfield>
    <subfield code="b">Servi Libros,</subfield>
    <subfield code="c">1981.</subfield>
  </datafield>
  <datafield tag="300" ind1=" " ind2=" ">
    <subfield code="a">v.</subfield>
  </datafield>
  <datafield tag="500" ind1=" " ind2=" ">
    <subfield code="a">Donacion : Enero 18/89.</subfield>
  </datafield>
  <datafield tag="650" ind1=" " ind2=" ">
    <subfield code="a">Crecimiento infantil</subfield>
    <subfield code="9">73051</subfield>
  </datafield>
  <datafield tag="650" ind1=" " ind2="7">
    <subfield code="a">Desarrollo infantil</subfield>
    <subfield code="2">dcs</subfield>
    <subfield code="9">2771</subfield>
  </datafield>
  <datafield tag="650" ind1=" " ind2="7">
    <subfield code="a">Estimulaci&#xF3;n temprana</subfield>
    <subfield code="2">armarc</subfield>
    <subfield code="9">862</subfield>
  </datafield>
  <datafield tag="650" ind1=" " ind2="7">
    <subfield code="a">Desarrollo fetal</subfield>
    <subfield code="2">dcs</subfield>
    <subfield code="9">18818</subfield>
  </datafield>
  <datafield tag="650" ind1=" " ind2="7">
    <subfield code="a">Pediatr&#xED;a</subfield>
    <subfield code="2">dcs</subfield>
    <subfield code="9">198471</subfield>
  </datafield>
  <datafield tag="942" ind1=" " ind2=" ">
    <subfield code="c">BOOK</subfield>
  </datafield>
  <datafield tag="999" ind1=" " ind2=" ">
    <subfield code="c">72284</subfield>
    <subfield code="d">72284</subfield>
  </datafield>
  <datafield tag="952" ind1=" " ind2=" ">
    <subfield code="0">0</subfield>
    <subfield code="1">0</subfield>
    <subfield code="4">0</subfield>
    <subfield code="7">0</subfield>
    <subfield code="8">HIS. MEDIC</subfield>
    <subfield code="a">BM</subfield>
    <subfield code="b">BM</subfield>
    <subfield code="d">1997-12-11</subfield>
    <subfield code="e">Material adquirido por donaci&#xF3;n</subfield>
    <subfield code="i">C215068</subfield>
    <subfield code="l">0</subfield>
    <subfield code="o">WS105 T8-81 v.1</subfield>
    <subfield code="p">61000001019179</subfield>
    <subfield code="r">2023-04-21 00:00:00</subfield>
    <subfield code="t">1</subfield>
    <subfield code="w">2023-04-21</subfield>
    <subfield code="y">BOOKI</subfield>
  </datafield>
  <datafield tag="952" ind1=" " ind2=" ">
    <subfield code="0">0</subfield>
    <subfield code="1">0</subfield>
    <subfield code="4">0</subfield>
    <subfield code="7">0</subfield>
    <subfield code="8">SEMIACTIV2</subfield>
    <subfield code="a">BSP</subfield>
    <subfield code="b">BSP</subfield>
    <subfield code="d">1998-07-04</subfield>
    <subfield code="i">C297182</subfield>
    <subfield code="l">0</subfield>
    <subfield code="o">WS105 T8-81</subfield>
    <subfield code="p">61000000465894</subfield>
    <subfield code="r">2023-04-21 00:00:00</subfield>
    <subfield code="t">2</subfield>
    <subfield code="w">2023-04-21</subfield>
    <subfield code="y">BOOK</subfield>
  </datafield>
</record>
